Hotel

Na minha lista:
Detalhes bibliográficos
Autor principal: Štégmárová, Gréta (Author)
Outros Autores: Húsenicová, Jarmila (Thesis advisor)
Formato: Manuscrito Livro
Idioma:eslovaco
Publicado em: 2024
Assuntos:
Acesso em linha:http://is.stuba.sk/zp/portal_zp.pl?podrobnosti=176286
https://opac.crzp.sk/?fn=detailBiblioForm&sid=24A0BAF10DE628094375EA51EC40
Tags: Adicionar Tag
Sem tags, seja o primeiro a adicionar uma tag!

MARC

LEADER 00000ntm a22000003a 4500
001 stuzp100092
003 SK-STU
005 20240927135653.8
007 ta
008 150427s2015----xo-----f-mn---000-0-slo-d
040 |a STU  |b slo 
041 0 |a slo 
100 1 |a Štégmárová, Gréta  |u 010310  |4 aut  |U SvF Stavebná fakulta  |T SvF Katedra architektúry  |X 98449  |U V181|V310  |Y 19  |7 98449 
242 0 1 |a Hotel  |y eng 
245 1 0 |a Hotel 
260 |c 2024 
650 4 |a príroda  |2 slo 
650 4 |a vinohrady  |2 slo 
650 4 |a hotel  |2 slo 
650 4 |a dedina  |2 slo 
650 4 |a hotel  |2 eng 
650 4 |a nature  |2 eng 
650 4 |a vineyard  |2 eng 
650 4 |a village  |2 eng 
700 1 |a Húsenicová, Jarmila  |4 ths  |X 901  |7 A000000901 
856 4 |u http://is.stuba.sk/zp/portal_zp.pl?podrobnosti=176286 
856 4 |u https://opac.crzp.sk/?fn=detailBiblioForm&sid=24A0BAF10DE628094375EA51EC40